[Event "Olimpiade 2024 - Donne"]
[Site "Budapest"]
[Date "21.09.2024"]
[Round "10.44"]
[Board "1"]
[White "Smith, Olivia"]
[Black "Bwalya Mulwale, Lubuuto"]
[Result "1/2-1/2"]
[WhiteTitle "WFM"]
[BlackTitle "WCM"]
[WhiteElo "2087"]
[BlackElo "1852"]
[WhiteTeam "Wales"]
[BlackTeam "Zambia"]
[WhiteFideId "411850"]
[BlackFideId "8706964"]
[EventDate "2024.09.11"]

1. e4 c5 2. Nc3 d6 3. d4 cxd4 4. Qxd4 Nc6 5. Qd2 Nf6 6. b3 g6 7. Bb2 Bg7 8.
O-O-O Be6 9. f3 O-O 10. Kb1 a5 11. Bb5 Qc7 12. Nge2 Rfc8 13. Nf4 Nd8 14. g4 Qc5
15. a4 Nxg4 16. Ncd5 Bxd5 17. Nxd5 Bxb2 18. Kxb2 Nf2 19. Nxe7+ Kg7 20. Nxc8 Rxc8
21. Rhf1 Nxd1+ 22. Rxd1 Ne6 23. Bc4 Rd8 24. Qc3+ Qe5 25. Rd5 Qxc3+ 26. Kxc3 b6
27. Rb5 Rb8 28. Bxe6 fxe6 29. Kd4 Kf7 30. b4 axb4 31. a5 Ke7 32. Rxb4 Kd7 33. c4
e5+ 34. Kd5 Rc8 35. Rb5 bxa5 36. Rxa5 Rc7 37. h4 h6 38. c5 dxc5 39. Ra6 c4 40.
Rxg6 c3 41. Rg1 c2 42. Rc1 Rc3 43. Kxe5 Rxf3 44. Rxc2 Rh3 45. Rg2 Rxh4 46. Rg7+
Ke8 47. Kf5 Rh5+ 48. Ke6 Rg5 49. Re7+ Kf8 50. Ra7 Rg6+ 51. Kf5 Rb6 52. e5 h5 53.
Rh7 Rc6 54. Rxh5 Rb6 55. Rh7 Rc6 56. Ke4 Ke8 57. Kd5 Rg6 58. Rc7 Rb6 59. Rc8+
Ke7 60. Ra8 Rh6 61. Ra7+ Ke8 62. e6 Rh1 63. Kd6 Rd1+ 64. Kc5 Re1 65. Ra8+ Ke7
66. Kd5 Rd1+ 67. Ke5 Re1+ 68. Kf5 1/2-1/2

[Event "Olimpiade 2024 - Donne"]
[Site "Budapest"]
[Date "21.09.2024"]
[Round "10.44"]
[Board "2"]
[White "Likando Namakau"]
[Black "Smith, Lynda"]
[Result "1/2-1/2"]
[BlackTitle "WCM"]
[WhiteElo "1746"]
[BlackElo "1831"]
[WhiteTeam "Zambia"]
[BlackTeam "Wales"]
[WhiteFideId "8714029"]
[BlackFideId "1800191"]
[EventDate "2024.09.11"]

1. e4 c5 2. c3 g6 3. d4 cxd4 4. cxd4 d5 5. e5 Nc6 6. Bb5 Qb6 7. Nc3 e6 8. Nge2
Bg7 9. Be3 Nh6 10. Ng3 Bd7 11. O-O O-O 12. h3 Kh8 13. Qd2 Ng8 14. Rac1 f6 15.
Bxc6 Bxc6 16. exf6 Bxf6 17. Rfe1 Bd7 18. Nce2 Rac8 19. Rxc8 Rxc8 20. Rc1 Rc6 21.
Kh1 Qd8 22. Rxc6 Bxc6 23. Bf4 Bb5 24. Qe3 Qd7 25. Be5 Qg7 26. Bxf6 Qxf6 27. Nf4
Bd7 28. Nd3 Ne7 29. Ne5 Bc6 30. Kg1 Kg7 31. a3 Nf5 32. Nxf5+ Qxf5 33. Qc3 Qb1+
34. Kh2 Qf5 35. Kg1 Qb1+ 36. Kh2 Qf5 1/2-1/2

[Event "Olimpiade 2024 - Donne"]
[Site "Budapest"]
[Date "21.09.2024"]
[Round "10.44"]
[Board "3"]
[White "Chong, Kimberly"]
[Black "Mbatha, Constance"]
[Result "0-1"]
[BlackTitle "WFM"]
[WhiteElo "1779"]
[BlackElo "1799"]
[WhiteTeam "Wales"]
[BlackTeam "Zambia"]
[WhiteFideId "1804723"]
[BlackFideId "8700591"]
[EventDate "2024.09.11"]

1. e4 e5 2. Nf3 d6 3. d4 exd4 4. Nxd4 Nf6 5. Nc3 Be7 6. Bf4 O-O 7. Qd2 Nbd7 8.
Nf5 Nc5 9. Nxe7+ Qxe7 10. f3 Be6 11. O-O-O a6 12. g4 b5 13. h4 b4 14. Nd5 Bxd5
15. exd5 Rfb8 16. b3 a5 17. g5 Nh5 18. Re1 Qf8 19. Bh3 a4 20. Be3 axb3 21. cxb3
g6 22. Bg4 Ra3 23. Bxc5 dxc5 24. Bd7 Qg7 25. Qb2 Nf4 26. Rd1 Ne2+ 27. Qxe2 Qa1+
28. Kd2 Qc3# 0-1

[Event "Olimpiade 2024 - Donne"]
[Site "Budapest"]
[Date "21.09.2024"]
[Round "10.44"]
[Board "4"]
[White "Mwale, Naomi"]
[Black "Kong, Emma Zihan"]
[Result "1-0"]
[WhiteElo "1767"]
[BlackElo "1747"]
[WhiteTeam "Zambia"]
[BlackTeam "Wales"]
[WhiteFideId "8703299"]
[BlackFideId "1805940"]
[EventDate "2024.09.11"]

1. e4 c5 2. Nf3 a6 3. Be2 b5 4. O-O Bb7 5. d3 g6 6. Nbd2 Bg7 7. h3 e6 8. Nh2 Ne7
9. f4 O-O 10. Ndf3 d6 11. Rb1 c4 12. Be3 Qa5 13. a3 c3 14. bxc3 Bxc3 15. Rb3 Bg7
16. Ng4 f5 17. Nf2 e5 18. Ng5 Bc8 19. d4 h6 20. fxe5 hxg5 21. Bxg5 Nec6 22. exf5
Bxf5 23. Ng4 Qb6 24. Be3 Qd8 25. Nh6+ Kh7 26. Nxf5 Rxf5 27. Rxf5 gxf5 28. Bd3
Qh4 29. Bxf5+ Kh8 30. Kh2 Qe7 31. Qh5+ Kg8 32. Bg5 Qc7 33. Be6+ Kf8 34. Rf3+ 1-0

[Event "Olimpiade 2024 - Donne"]
[Site "Budapest"]
[Date "21.09.2024"]
[Round "10.45"]
[Board "1"]
[White "Johnson, Gabriella"]
[Black "Sanudula, K M Dahamdi"]
[Result "0-1"]
[WhiteTitle "WIM"]
[BlackTitle "WCM"]
[WhiteElo "1896"]
[BlackElo "2023"]
[WhiteTeam "Trinidad & Tobago"]
[BlackTeam "Sri Lanka"]
[WhiteFideId "7701128"]
[BlackFideId "9932470"]
[EventDate "2024.09.11"]

1. e4 d5 2. exd5 Qxd5 3. Nc3 Qd6 4. d4 Nf6 5. Bc4 c6 6. Nf3 Bg4 7. Be3 e6 8. h3
Bh5 9. Bb3 Nbd7 10. g4 Bg6 11. Nh4 O-O-O 12. Nxg6 hxg6 13. Qe2 Qc7 14. a3 Bd6
15. O-O-O Nb6 16. Kb1 Nbd5 17. Nxd5 exd5 18. Qf3 b5 19. Bg5 Be7 20. Rhe1 Ne4 21.
Bxe7 Qxe7 22. Re3 Qf6 23. Qxf6 gxf6 24. Rf3 Rd6 25. Rdd3 Re6 26. Ka2 Ng5 27. Rg3
Re2 28. f4 Ne6 29. f5 Nf4 30. Rdf3 g5 31. Rc3 Kd7 32. a4 a6 33. Ka3 Re4 34. Rce3
Rxd4 35. c3 Rd2 36. a5 Kd6 37. Re1 Nd3 38. Rb1 Re8 39. h4 gxh4 40. Rh3 Ree2 41.
Rxh4 Nxb2 42. Rh6 Nc4+ 43. Bxc4 dxc4 44. Rxf6+ Kc5 45. Ra1 Rc2 46. Rxc6+ Kxc6
47. Kb4 Rb2+ 48. Ka3 Rb3# 0-1

[Event "Olimpiade 2024 - Donne"]
[Site "Budapest"]
[Date "21.09.2024"]
[Round "10.45"]
[Board "2"]
[White "Tharushi, T H D Niklesha"]
[Black "Hermoso Rodriguez, Ysvett"]
[Result "1-0"]
[WhiteTitle "WCM"]
[BlackTitle "WCM"]
[WhiteElo "1852"]
[BlackElo "1943"]
[WhiteTeam "Sri Lanka"]
[BlackTeam "Trinidad & Tobago"]
[WhiteFideId "9918264"]
[BlackFideId "3912167"]
[EventDate "2024.09.11"]

1. d4 d5 2. c4 c6 3. Nf3 Nf6 4. g3 Bf5 5. Nc3 e6 6. Qb3 Qb6 7. c5 Qxb3 8. axb3
Na6 9. Ra4 Bc2 10. Ne5 Nd7 11. Nxd7 Kxd7 12. Bf4 Be7 13. Kd2 Bf5 14. e4 Bxe4 15.
Nxe4 dxe4 16. Bxa6 bxa6 17. g4 f6 18. b4 g5 19. Bg3 h5 20. gxh5 f5 21. Be5 Rxh5
22. Rxa6 f4 23. b5 cxb5 24. c6+ Ke8 25. Rha1 Bd8 26. c7 Bxc7 27. Bxc7 Rxh2 28.
Rf1 Kd7 29. Bb6 g4 30. Kc3 Rh3+ 31. Kb4 Rf3 32. Rg1 g3 33. fxg3 fxg3 34. Bc5 e3
35. Rh1 Rf7 36. Ra3 g2 37. Rg1 Rf2 38. Rxe3 Rxb2+ 39. Kc3 Rf2 40. Rg3 a5 41.
R1xg2 Rf5 42. Re3 Rf7 43. Rg6 Re8 44. Bb6 b4+ 45. Kb3 Rf5 46. Ka4 Rh5 47. Bc5 e5
48. d5 e4 49. Rg7+ Kc8 50. d6 Rd8 51. Rc7+ Kb8 52. Ba7+ Ka8 53. d7 Rhh8 54. Kxa5
b3 55. Rxb3 e3 56. Ka6 e2 57. Be3 Rxd7 58. Rxd7 Rh6+ 59. Bxh6 1-0

[Event "Olimpiade 2024 - Donne"]
[Site "Budapest"]
[Date "21.09.2024"]
[Round "10.45"]
[Board "3"]
[White "La Fleur, Zara"]
[Black "Pallie, Ehsha Mishela"]
[Result "0-1"]
[WhiteTitle "WCM"]
[BlackTitle "WCM"]
[WhiteElo "1773"]
[BlackElo "1767"]
[WhiteTeam "Trinidad & Tobago"]
[BlackTeam "Sri Lanka"]
[WhiteFideId "7703848"]
[BlackFideId "9934057"]
[EventDate "2024.09.11"]

1. e4 c5 2. Nf3 e6 3. d4 cxd4 4. Nxd4 Bc5 5. Nb3 Bb6 6. Bd3 Ne7 7. O-O O-O 8.
N1d2 f5 9. exf5 Nxf5 10. c4 Nc6 11. Nf3 Qf6 12. a3 Nh4 13. Be2 Ne5 14. Nbd2 d5
15. cxd5 exd5 16. Qb3 Be6 17. Qc3 d4 18. Qb4 Nxg2 19. Ne4 Nxf3+ 20. Bxf3 Qxf3
21. Ng5 Qd5 22. f3 Ne3 23. Bxe3 dxe3 24. Qh4 e2+ 25. Kh1 exf1=Q+ 26. Rxf1 h6 0-1

[Event "Olimpiade 2024 - Donne"]
[Site "Budapest"]
[Date "21.09.2024"]
[Round "10.45"]
[Board "4"]
[White "Gunawardhana, Devindya Oshini"]
[Black "James, Shemilah"]
[Result "1-0"]
[WhiteTitle "WFM"]
[BlackTitle "WCM"]
[WhiteElo "1956"]
[BlackElo "1774"]
[WhiteTeam "Sri Lanka"]
[BlackTeam "Trinidad & Tobago"]
[WhiteFideId "29941482"]
[BlackFideId "7702060"]
[EventDate "2024.09.11"]

1. e4 e5 2. Nf3 Nc6 3. Bb5 f5 4. d3 fxe4 5. dxe4 Nf6 6. O-O Bc5 7. Bc4 Qe7 8.
Nc3 d6 9. Bg5 Be6 10. Bxe6 Qxe6 11. Nd5 O-O-O 12. Bxf6 gxf6 13. Nh4 Ne7 14. b4
Bd4 15. c3 Bb6 16. a4 c6 17. Nxe7+ Qxe7 18. a5 Bc7 19. a6 b6 20. b5 Qe6 21. bxc6
d5 22. Qb3 Qxc6 23. Nf5 Qc4 24. Ne7+ Kd7 25. Qxc4 dxc4 26. Nd5 Rhf8 27. Ra4 b5
28. Rb4 Kc6 29. Nxc7 Kxc7 30. Rxb5 Kc6 31. Rb4 Kd6 32. f3 Rc8 33. Rd1+ Ke6 34.
Rb7 h6 35. Rxa7 Ra8 36. Rc7 Rxa6 37. Rxc4 Rg8 38. Rc7 Ra2 39. g3 Ra6 40. Rd2 Rb8
41. Kg2 Rb3 42. Rc2 Raa3 43. Kh3 Kd6 44. Rc8 Kd7 45. Rc4 Ke6 46. Kh4 Rb8 47. Rd2
Rb6 48. Kh5 Rd6 49. Rxd6+ Kxd6 50. Kxh6 Ra2 51. h4 Rg2 52. g4 Rf2 53. g5 fxg5
54. hxg5 Rxf3 55. g6 Rg3 56. g7 Ke7 57. Rc8 Rh3+ 58. Kg6 Rg3+ 59. Kf5 Rxg7 60.
Rc7+ Kf8 61. Rxg7 Kxg7 62. Kxe5 1-0

[Event "Olimpiade 2024 - Donne"]
[Site "Budapest"]
[Date "21.09.2024"]
[Round "10.46"]
[Board "1"]
[White "Roy, Ali"]
[Black "Hamadeh, Sally"]
[Result "1-0"]
[WhiteTitle "WFM"]
[WhiteElo "1961"]
[BlackElo "1557"]
[WhiteTeam "Scotland"]
[BlackTeam "Lebanon"]
[WhiteFideId "2400456"]
[BlackFideId "5312671"]
[EventDate "2024.09.11"]

1. Nf3 d5 2. g3 g6 3. Bg2 Bg7 4. O-O Nf6 5. d3 O-O 6. Nbd2 c5 7. e4 dxe4 8. dxe4
Nc6 9. a4 Be6 10. Qe2 Nb4 11. Nc4 Bxc4 12. Qxc4 Rc8 13. Bd2 Nc6 14. Rfd1 Qc7 15.
Bc3 Rfd8 16. e5 Nd7 17. e6 fxe6 18. Qxe6+ Kh8 19. Bxg7+ Kxg7 20. Ng5 Nf6 21.
Qf7+ Kh8 22. Ne6 Rg8 23. Nxc7 Rxc7 24. Bxc6 bxc6 25. Re1 Rg7 26. Qc4 Nd7 27.
Rad1 h6 28. Qe6 Nf6 29. Rd8+ Kh7 30. Rf8 a5 31. Rf7 Nd5 32. Rxg7+ Kxg7 33. Qe5+
Kf7 34. c4 Rd7 35. Qe6+ Kf8 36. Qxd7 Nb4 37. Rxe7 1-0

[Event "Olimpiade 2024 - Donne"]
[Site "Budapest"]
[Date "21.09.2024"]
[Round "10.46"]
[Board "2"]
[White "Fawaz, Nadia"]
[Black "Cooke, Suzie G."]
[Result "0-1"]
[BlackTitle "WFM"]
[WhiteElo "1747"]
[BlackElo "1941"]
[WhiteTeam "Lebanon"]
[BlackTeam "Scotland"]
[WhiteFideId "5309743"]
[BlackFideId "414930"]
[EventDate "2024.09.11"]

1. e4 e6 2. Qe2 Be7 3. d4 d5 4. e5 c5 5. Qg4 Kf8 6. c3 Nc6 7. Nf3 cxd4 8. cxd4
Nb4 9. Na3 Bd7 10. Be2 Rc8 11. O-O a6 12. Qg3 h5 13. h4 Nh6 14. Bxh6 Rxh6 15.
Ng5 g6 16. Qf4 Bxg5 17. hxg5 Rh8 18. Rfc1 Rc6 19. Rxc6 Bxc6 20. Rc1 Nxa2 21. Rc5
Nb4 22. Qd2 a5 23. Bb5 Kg7 24. Bxc6 bxc6 25. Nc2 Nxc2 26. Qxc2 Qxg5 27. Rxa5 h4
28. Ra1 h3 29. g3 Qg4 30. Qd3 Rb8 31. Rb1 Rb4 32. f4 Rb3 33. Qxb3 Qe2 0-1

[Event "Olimpiade 2024 - Donne"]
[Site "Budapest"]
[Date "21.09.2024"]
[Round "10.46"]
[Board "4"]
[White "Al Asmar, Remy"]
[Black "Bhatia, Kanishka"]
[Result "0-1"]
[WhiteElo "1661"]
[BlackElo "1908"]
[WhiteTeam "Lebanon"]
[BlackTeam "Scotland"]
[WhiteFideId "5319935"]
[BlackFideId "2410095"]
[EventDate "2024.09.11"]

1. c4 Nf6 2. b3 e5 3. Bb2 Nc6 4. g3 d5 5. Bg2 d4 6. d3 Bf5 7. Nd2 Be7 8. Ngf3
Qd7 9. h3 h6 10. a3 a5 11. Qc2 Bc5 12. Ne4 Nxe4 13. dxe4 Be6 14. Rd1 Qe7 15. Qc1
O-O 16. O-O Rab8 17. a4 Rbd8 18. Ne1 Nb4 19. Nd3 Nxd3 20. exd3 c6 21. f4 f6 22.
f5 Bf7 23. Qc2 b5 24. axb5 cxb5 25. Ra1 bxc4 26. bxc4 Bb4 27. Rfb1 Rc8 28. Bc1
Bc3 29. Bb2 Bb4 30. Bc1 Bc3 31. Bb2 Bb4 32. Bc1 Rb8 33. Ra2 Rfc8 34. Kh2 Rb6 35.
Ba3 Qb7 36. Rab2 Rb8 37. Bxb4 Rxb4 38. Rxb4 axb4 39. Qb3 Qa7 40. Bf3 Qb7 41. Bd1
Ra8 42. Kg1 Be8 43. Qb2 Kh7 44. Kf1 Ba4 45. Bh5 Rb8 46. Ra1 Be8 47. Bxe8 Rxe8
48. Ra5 Qf7 49. g4 Rb8 50. Qb3 Qc7 51. Ra4 Qb7 52. Ra5 Qf7 53. Ra4 Qe7 54. Ra1
Qf7 55. Ra4 Qe7 56. Ra2 g6 57. c5 gxf5 58. exf5 Kg7 59. Rc2 Qc7 60. c6 Rb6 61.
Qe6 b3 62. Rb2 Rxc6 63. Qxb3 h5 64. Qb7 hxg4 65. hxg4 Qxb7 66. Rxb7+ Kh6 67. Kf2
Rc3 68. Ke2 Kg5 69. Rg7+ Kf4 70. Rg6 Rc2+ 71. Kd1 Rg2 72. Rxf6 Rxg4 73. Rh6 Kxf5
74. Ke2 Rg3 75. Rh4 Rg2+ 76. Ke1 Kg5 77. Re4 Kf5 78. Rh4 Ke6 79. Rh6+ Kd5 80.
Rh8 Rg6 81. Ke2 Rg2+ 82. Ke1 Kc5 83. Rh5 Kb4 84. Rxe5 Kc3 85. Rh5 Kxd3 86. Rh3+
Kc2 87. Rh8 Rg1+ 88. Kf2 Rg7 89. Rh2 Re7 90. Kf3+ Kc3 91. Rh8 d3 92. Rd8 d2 93.
Rc8+ Kb2 94. Rd8 Kc1 95. Rc8+ Kd1 96. Kf2 Rf7+ 97. Ke3 Ke1 0-1

[Event "Olimpiade 2024 - Donne"]
[Site "Budapest"]
[Date "21.09.2024"]
[Round "10.47"]
[Board "1"]
[White "Wilson, Hannah"]
[Black "Widjayanti, Lindri Juni"]
[Result "0-1"]
[WhiteTitle "WCM"]
[BlackTitle "WIM"]
[WhiteElo "1888"]
[BlackElo "2155"]
[WhiteTeam "Barbados"]
[BlackTeam "Indonesia"]
[WhiteFideId "11104600"]
[BlackFideId "7100361"]
[EventDate "2024.09.11"]

1. e4 d6 2. d4 Nf6 3. Nc3 g6 4. f4 Bg7 5. Nf3 Bg4 6. Be2 Nfd7 7. Be3 Bxf3 8.
Bxf3 c6 9. O-O Qa5 10. Ne2 Na6 11. c3 Nc7 12. Ng3 h5 13. b4 Qa3 14. Qc2 Nb5 15.
Ne2 Nb6 16. Bc1 Qa4 17. Qd3 Na3 18. Bxa3 Qxa3 19. b5 Qa4 20. bxc6 Qxc6 21. e5 d5
22. f5 g5 23. g3 g4 24. Bh1 h4 25. Rae1 O-O-O 26. f6 exf6 27. exf6 Bh6 28. Nf4
Kb8 29. Rb1 Qc4 30. Qxc4 dxc4 31. a4 hxg3 32. hxg3 Rd7 33. a5 Nc8 34. Rb5 Rg8
35. Rfb1 Nd6 36. R5b4 Bxf4 37. gxf4 Rg6 38. a6 b6 39. Rf1 Rxf6 40. Rb2 Rh6 41.
Re2 Rh3 42. Rc1 Kc7 43. Bg2 Rh6 44. Rce1 Rf6 45. Rf1 b5 46. Kh2 Kb6 47. Ra2 Rh6+
48. Kg3 Nf5+ 49. Kf2 Re7 50. Re1 Rxe1 51. Kxe1 Re6+ 52. Kf2 Re3 53. Rc2 Kxa6 54.
d5 Kb6 55. d6 g3+ 56. Kf1 Nxd6 57. Bd5 Kc5 58. Bg2 a5 59. Rd2 Rd3 60. Ra2 a4 61.
Ra3 f5 62. Ke2 Ne4 63. Bxe4 fxe4 64. f5 Rf3 0-1

[Event "Olimpiade 2024 - Donne"]
[Site "Budapest"]
[Date "21.09.2024"]
[Round "10.47"]
[Board "2"]
[White "Lindiawati, Evi"]
[Black "Blackman, Katrina"]
[Result "1-0"]
[WhiteTitle "WCM"]
[BlackTitle "WCM"]
[WhiteElo "1940"]
[BlackElo "1814"]
[WhiteTeam "Indonesia"]
[BlackTeam "Barbados"]
[WhiteFideId "7101449"]
[BlackFideId "11100540"]
[EventDate "2024.09.11"]

1. e4 e6 2. d4 d5 3. Nd2 Nf6 4. e5 Nfd7 5. Bd3 c5 6. c3 Nc6 7. Ne2 Qb6 8. Nf3
cxd4 9. cxd4 f6 10. exf6 Nxf6 11. O-O Be7 12. Nc3 O-O 13. Na4 Qd8 14. Re1 b6 15.
Bg5 Qd6 16. Rc1 Bd7 17. Bh4 Nd8 18. Nc3 Be8 19. Bg3 Qd7 20. Nb5 Rc8 21. Nc7 Bb4
22. Re2 Qe7 23. Nxe8 Rxc1 24. Nxf6+ Qxf6 25. Qxc1 Nf7 26. a3 Bd6 27. Bxd6 Nxd6
28. Qg5 Qf7 29. Qe5 Nc4 30. Bxc4 dxc4 31. Qxe6 b5 32. Qxf7+ Kxf7 33. Re5 a6 34.
Rf5+ Ke7 35. Rxf8 Kxf8 36. Kf1 Ke7 37. Ke2 Kd6 38. Ke3 Kd5 39. Ng5 h6 40. Nh3 a5
41. Nf4+ Kd6 42. Kd2 g5 43. Ne2 Kd5 44. Kc3 h5 45. f4 g4 46. f5 h4 47. g3 hxg3
48. hxg3 Kd6 49. a4 1-0

[Event "Olimpiade 2024 - Donne"]
[Site "Budapest"]
[Date "21.09.2024"]
[Round "10.47"]
[Board "3"]
[White "Reifer-Belle, Chanon"]
[Black "Yuliana, Evi"]
[Result "0-1"]
[WhiteTitle "WCM"]
[WhiteElo "1736"]
[BlackElo "1912"]
[WhiteTeam "Barbados"]
[BlackTeam "Indonesia"]
[WhiteFideId "11105186"]
[BlackFideId "7110294"]
[EventDate "2024.09.11"]

1. e4 d5 2. exd5 Qxd5 3. Nf3 Bg4 4. Be2 Nc6 5. d4 O-O-O 6. c4 Qh5 7. O-O e5 8.
h3 Bxf3 9. Bxf3 Qg6 10. Bxc6 Qxc6 11. Qg4+ Kb8 12. d5 h5 13. Qe2 Qa6 14. Nc3 Ne7
15. b3 f6 16. Bb2 Nf5 17. Qe4 Nd4 18. Na4 c5 19. dxc6 Qxc6 20. Qxc6 Nxc6 21.
Rad1 Be7 22. Nc3 Bc5 23. Rd5 Bd4 24. Rxd8+ Rxd8 25. Ba1 Nb4 26. Rd1 Kc8 27. Nb5
Bxf2+ 28. Kxf2 Rxd1 29. Bc3 Nxa2 30. Nxa7+ Kb8 31. Nb5 Nxc3 32. Nxc3 Rd3 33. Ne4
Rxb3 34. Nd6 Rb2+ 35. Kf3 g6 36. g4 Rb3+ 37. Kg2 hxg4 38. hxg4 Rd3 39. Ne4 f5
40. gxf5 gxf5 41. Ng3 f4 42. Ne4 Kc7 43. Nc5 Rc3 44. Ne6+ Kd6 0-1

[Event "Olimpiade 2024 - Donne"]
[Site "Budapest"]
[Date "21.09.2024"]
[Round "10.47"]
[Board "4"]
[White "Adeline, Clementia"]
[Black "Eversley, Kiarra"]
[Result "1-0"]
[BlackTitle "WCM"]
[WhiteElo "1550"]
[BlackElo "1615"]
[WhiteTeam "Indonesia"]
[BlackTeam "Barbados"]
[WhiteFideId "7132085"]
[BlackFideId "11103426"]
[EventDate "2024.09.11"]

1. d4 d5 2. c4 c6 3. cxd5 cxd5 4. Nc3 Nf6 5. Bf4 Nc6 6. e3 e6 7. Bd3 Bd6 8. Bg5
h6 9. Bh4 O-O 10. Nf3 a6 11. Rc1 Bd7 12. O-O b5 13. Bb1 Be7 14. Qd3 Nb4 15. Qe2
Nh7 16. Bxe7 Qxe7 17. Ne5 Rac8 18. a3 Nc6 19. Qd3 Nf6 20. e4 Nxe5 21. dxe5 dxe4
22. exf6 Qxf6 23. Nxe4 1-0

[Event "Olimpiade 2024 - Donne"]
[Site "Budapest"]
[Date "21.09.2024"]
[Round "10.48"]
[Board "1"]
[White "Samaganova, Aleksandra"]
[Black "Aliu, Arlinda"]
[Result "1-0"]
[WhiteTitle "WFM"]
[WhiteElo "1948"]
[BlackElo "1780"]
[WhiteTeam "Kyrgyzstan"]
[BlackTeam "Kosovo"]
[WhiteFideId "13800221"]
[BlackFideId "22101292"]
[EventDate "2024.09.11"]

1. c4 c5 2. Nf3 g6 3. e3 Bg7 4. Nc3 Nc6 5. d4 cxd4 6. exd4 d6 7. h3 Nf6 8. Be3
Bd7 9. Be2 Rc8 10. Rc1 O-O 11. Qd2 e5 12. d5 Na5 13. b3 b6 14. Bg5 Nb7 15. b4
Qe8 16. O-O Bf5 17. Nh4 Bd7 18. Rfe1 a5 19. a3 Kh8 20. f4 Ng8 21. fxe5 Qxe5 22.
Nf3 Qe8 23. c5 f6 24. Bf4 Qf7 25. c6 Bxc6 26. dxc6 Rxc6 27. Nd4 Rcc8 28. Bf3
axb4 29. axb4 f5 30. Ne6 Rfe8 31. Bd5 Qf6 32. Bg5 Qxc3 33. Rxc3 Bxc3 34. Qd1 Ra8
35. Qd3 Bxe1 36. Qd4+ 1-0

[Event "Olimpiade 2024 - Donne"]
[Site "Budapest"]
[Date "21.09.2024"]
[Round "10.48"]
[Board "2"]
[White "Recica, Jona"]
[Black "Zhanybekova, Begimay"]
[Result "0-1"]
[BlackTitle "WCM"]
[WhiteElo "1791"]
[BlackElo "1784"]
[WhiteTeam "Kosovo"]
[BlackTeam "Kyrgyzstan"]
[WhiteFideId "22105239"]
[BlackFideId "13819356"]
[EventDate "2024.09.11"]

1. e4 c5 2. Nc3 e6 3. f4 a6 4. Nf3 b5 5. d3 Bb7 6. Be2 d5 7. e5 Nc6 8. b3 Nh6 9.
Qd2 Nf5 10. a4 b4 11. Nd1 d4 12. O-O Be7 13. Qe1 Qd7 14. Nd2 O-O-O 15. Nc4 Qc7
16. a5 Rdg8 17. Nf2 Na7 18. Ne4 Nb5 19. Ng5 Bd8 20. Bg4 g6 21. Rf2 Kb8 22. Bxf5
gxf5 23. Nd6 Nxd6 24. exd6 Qd7 25. Qe5 h6 26. Nf3 Qc6 27. Bb2 Rh7 28. g3 Rhg7
29. Kf1 Ka8 30. Nd2 h5 31. Ke1 h4 32. Nf1 Rg6 33. Kd2 Bf6 34. Qe2 Qxd6 35. Re1
Qc7 36. Ra1 Re8 37. Qe1 e5 38. fxe5 Rxe5 39. Re2 Bg5+ 0-1

[Event "Olimpiade 2024 - Donne"]
[Site "Budapest"]
[Date "21.09.2024"]
[Round "10.48"]
[Board "3"]
[White "Sezdbekova, Aizhan"]
[Black "Saraci, Rinesa"]
[Result "1-0"]
[WhiteTitle "WCM"]
[BlackTitle "WCM"]
[WhiteElo "1799"]
[BlackElo "1757"]
[WhiteTeam "Kyrgyzstan"]
[BlackTeam "Kosovo"]
[WhiteFideId "13803590"]
[BlackFideId "4701976"]
[EventDate "2024.09.11"]

1. e4 e5 2. Nc3 Nc6 3. f4 exf4 4. Nf3 Bc5 5. d4 Bb4 6. Bxf4 d6 7. Bc4 Nge7 8.
O-O Bxc3 9. bxc3 h6 10. Nh4 d5 11. exd5 Nxd5 12. Qh5 g5 13. Rae1+ Kf8 14. Bd6+ 1-0

[Event "Olimpiade 2024 - Donne"]
[Site "Budapest"]
[Date "21.09.2024"]
[Round "10.48"]
[Board "4"]
[White "Saraci, Ndriqona"]
[Black "Abaeva, Aiana"]
[Result "0-1"]
[WhiteTitle "WCM"]
[BlackTitle "WCM"]
[WhiteElo "1656"]
[BlackElo "1858"]
[WhiteTeam "Kosovo"]
[BlackTeam "Kyrgyzstan"]
[WhiteFideId "969095"]
[BlackFideId "13804472"]
[EventDate "2024.09.11"]

1. e4 c5 2. Nf3 d6 3. d4 cxd4 4. Nxd4 Nf6 5. Nc3 a6 6. f3 h5 7. h4 e6 8. Bg5 b5
9. Qd2 Nbd7 10. Be2 Bb7 11. a3 Be7 12. O-O-O d5 13. exd5 Nxd5 14. Bxe7 Qxe7 15.
Nxd5 Bxd5 16. Qg5 g6 17. Qxe7+ Kxe7 18. Rhg1 Nb6 19. f4 Rac8 20. Bf3 Rhd8 21.
Rge1 Rc4 22. Bxd5 Nxd5 23. g3 Nxf4 24. Nf3 Rxd1+ 25. Kxd1 Nd5 26. Ne5 Rc7 27.
Kd2 Kf6 28. Kd3 Ne7 29. c4 bxc4+ 30. Nxc4 Nf5 31. Rf1 Ke7 32. Rf3 f6 33. Kc3 e5
34. Kb4 Ke6 35. Ne3 Rb7+ 36. Ka5 Rb3 37. Rxf5 gxf5 38. Nc4 e4 39. Kxa6 e3 40.
Nxe3 Rxe3 41. b4 Rxa3+ 42. Kb6 Rxg3 43. b5 f4 44. Kc5 Ke5 0-1

[Event "Olimpiade 2024 - Donne"]
[Site "Budapest"]
[Date "21.09.2024"]
[Round "10.49"]
[Board "1"]
[White "Martinez Orozco, Cristiana Yorlene"]
[Black "Kaslan, Catherine"]
[Result "1/2-1/2"]
[BlackTitle "WFM"]
[WhiteElo "1761"]
[BlackElo "1902"]
[WhiteTeam "Nicaragua"]
[BlackTeam "Suriname"]
[WhiteFideId "6107079"]
[BlackFideId "8201390"]
[EventDate "2024.09.11"]

1. d4 Nf6 2. c4 e6 3. Nf3 b6 4. Bg5 Bb7 5. e3 Be7 6. Bd3 h6 7. Bxf6 Bxf6 8. Nc3
d5 9. cxd5 exd5 10. O-O O-O 11. Qc2 c5 12. Rac1 Nc6 13. Qd2 cxd4 14. exd4 Nxd4
15. Nxd4 Bxd4 16. Bh7+ Kxh7 17. Qxd4 Rc8 18. Qd3+ Kg8 19. Rcd1 Qg5 20. f3 Rfd8
21. Rf2 Rd6 22. f4 Qe7 23. Ne2 Re6 24. Nd4 Re4 25. Nf5 Qf6 26. Nd6 Qxd6 27. Qxe4
dxe4 28. Rxd6 e3 29. Rf1 Rc2 30. Re1 Rxg2+ 31. Kf1 Rxb2 32. Rxe3 Rxa2 33. f5 Ra5
34. f6 gxf6 35. Rxf6 Kg7 36. Rf4 Bd5 37. Kf2 Be6 38. Rg3+ Kf8 39. Rg6 Ra2+ 40.
Ke1 Ke7 41. Rxh6 a5 42. Kd1 b5 43. Kc1 b4 44. Kb1 b3 45. Rhh4 Re2 46. Rh5 Ra2
47. Rb5 a4 48. h4 a3 49. Re4 Kf6 50. Rf4+ Kg6 51. Ra5 Rh2 52. h5+ Rxh5 53. Rxa3
Rh1+ 54. Kb2 Rh2+ 55. Kb1 Bf5+ 56. Rxf5 Kxf5 57. Rxb3 Rd2 58. Kc1 Rd4 59. Rf3+
Rf4 60. Re3 Rd4 61. Rf3+ Rf4 62. Re3 Re4 63. Rf3+ Rf4 64. Re3 Rd4 65. Rf3+ Rf4
66. Re3 Re4 67. Rf3+ Rf4 1/2-1/2